Normal view
MARC view
- ISLAM-BIOGRAPHY-PROPHET MUHAMMAD PEACE BE UPON HIM.NABI KARIM (PBUH) KEY AYLEE ZINDGEE
Entry Topical Term
001 - CONTROL NUMBER
- control field: 66208
003 - CONTROL NUMBER IDENTIFIER
- control field: NUST
005 - DATE AND TIME OF LATEST TRANSACTION
- control field: 20210628203542.0
008 - FIXED-LENGTH DATA ELEMENTS
- fixed length control field: 210628|| aca||aabn | a|a d
040 ## - CATALOGING SOURCE
- Original cataloging agency: NUST
- Transcribing agency: NUST
150 ## - HEADING--TOPICAL TERM
- Topical term or geographic name entry element: ISLAM-BIOGRAPHY-PROPHET MUHAMMAD PEACE BE UPON HIM.NABI KARIM (PBUH) KEY AYLEE ZINDGEE
670 ## - SOURCE DATA FOUND
- Source citation: Work cat.: (NUST): Muhammad Saad Ullah, Hafiz 66207, Nabi karim (pbuh) key aylee zindgee, 2003
